000 00709nam a2200265Ia 4500
001 Para_4008
003 CHAP
008 220125s1920 xx 000 0 und d
010 _a202491
040 _cCHAP
090 _aPA FOLLETO 1404
100 _aDavis, John J
_931274
245 _aThe green japanese beetle /
_c John J. Davis
260 _aTrenton :
_b Department of Agriculture
300 _a33 p.
440 _aNew Jersey. Dept. Agr. circular; 30
_9167726
650 _aPopillia japonica
_990890
901 _aPA FOLLETO 1404
902 _aA
905 _a0000001920 TRE 0000000000 00
910 _a1920
942 _cPARA
942 _cPARA
_d1
999 _c202491
_d202491